| 000 | 004700000a22001690004500 | ||
|---|---|---|---|
| 003 | MACL | ||
| 005 | 20160209143642.0 | ||
| 008 | 160209b xxu||||| |||| 00| 0 eng d | ||
| 040 |
_aMACL _cMACL |
||
| 041 | _aHindi | ||
| 082 | _a070 | ||
| 245 | _aसंवाद और संवाददाता | ||
| 260 |
_bहरियाणा साहित्य _c1986 _aचण्डीगढ |
||
| 350 | _a30 | ||
| 650 |
_aJournalism _937470 |
||
| 942 |
_cHIN _k070 _2ddc |
||
| 999 |
_c28733 _d28733 |
||